[Event "Bremen-ch op"]
[Site "Bremen"]
[Date "2015.04.04"]
[Round "9"]
[White "Fasmers, Ralf"]
[Black "Buecker, Niklas"]
[Result "1-0"]
[WhiteElo "1787"]
[BlackElo "921"]
[PlyCount "47"]
[EventDate "2015.03.28"]
[EventType "swiss"]
[EventRounds "9"]
[EventCountry "GER"]
[SourceTitle "EXT 2018"]
[Source "ChessBase"]
[SourceDate "2017.10.13"]
[SourceVersion "1"]
[SourceVersionDate "2017.10.13"]
[SourceQuality "1"]

1. e4 e5 2. Nf3 Nc6 3. Bc4 Bc5 4. 0-0 d6 5. c3 Bg4 6. d4 exd4 7. h3 Bh5 8. g4 Bg6 9. Re1 dxc3 10. Nxc3 Nf6 11. Bg5 h6 12. Bh4 Qd7 13. a3 h5 14. Bxf6 gxf6 15. Nh4 hxg4 16. Nxg6 fxg6 17. Nd5 Bd4 18. Bb5 Bxb2 19. Rb1 Be5 20. f4 gxf3 21. Qxf3 0-0-0 22. Rb3 a6 23. Bxc6 Qxc6 24. Ne7+ 1-0

[Event "Bremen-ch op"]
[Site "Bremen"]
[Date "2015.04.03"]
[Round "8"]
[White "Buecker, Niklas"]
[Black "Zijlstra, Berend"]
[Result "1/2-1/2"]
[WhiteElo "921"]
[BlackElo "1319"]
[PlyCount "122"]
[EventDate "2015.03.28"]
[EventType "swiss"]
[EventRounds "9"]
[EventCountry "GER"]
[SourceTitle "EXT 2018"]
[Source "ChessBase"]
[SourceDate "2017.10.13"]
[SourceVersion "1"]
[SourceVersionDate "2017.10.13"]
[SourceQuality "1"]

1. d4 d5 2. Bf4 Nf6 3. Nc3 e6 4. f3 Bd6 5. Qd2 h6 6. 0-0-0 c6 7. Nh3 Qc7 8. e4 dxe4 9. fxe4 Nh5 10. e5 Be7 11. Be3 g5 12. g4 Ng7 13. Nf2 f6 14. Qd3 f5 15. Be2 b6 16. gxf5 exf5 17. Bd2 Ba6 18. Qg3 Bxe2 19. Nxe2 Ne6 20. h4 g4 21. Kb1 h5 22. Nf4 Nxd4 23. Ng6 Rh7 24. Nxe7 Rxe7 25. Bg5 Re6 26. Rxd4 Nd7 27. Qb3 Qxe5 28. Rdd1 Nf6 29. Nd3 Qd5 30. Qxd5 Nxd5 31. Rdf1 Ne3 32. Bxe3 Rxe3 33. Rxf5 Rd8 34. Rxh5 c5 35. Rh8+ Ke7 36. Rxd8 Kxd8 37. Rd1 Kc7 38. Nf2 Rf3 39. Nxg4 Rh3 40. Ne5 Kb7 41. c3 Rxh4 42. Rd7+ Ka6 43. Nc6 b5 44. Nxa7 Kb6 45. Nc8+ Kc6 46. Ra7 Rh8 47. Ne7+ Kb6 48. Ra3 Rh1+ 49. Kc2 Rh2+ 50. Kb3 c4+ 51. Kb4 Rxb2+ 52. Rb3 cxb3 53. axb3 Rd2 54. Nf5 Kc6 55. c4 bxc4 56. bxc4 Rb2+ 57. Kc3 Rb8 58. Ne3 Kb6 59. Nd5+ Kc5 60. Nf4 Rc8 61. Nd3+ Kc6 1/2-1/2

[Event "Bremen-ch op"]
[Site "Bremen"]
[Date "2015.04.01"]
[Round "6"]
[White "Nagel, Philipp"]
[Black "Buecker, Niklas"]
[Result "0-1"]
[WhiteElo "1000"]
[BlackElo "921"]
[PlyCount "54"]
[EventDate "2015.03.28"]
[EventType "swiss"]
[EventRounds "9"]
[EventCountry "GER"]
[SourceTitle "EXT 2018"]
[Source "ChessBase"]
[SourceDate "2017.10.13"]
[SourceVersion "1"]
[SourceVersionDate "2017.10.13"]
[SourceQuality "1"]

1. d4 d5 2. Bf4 Bf5 3. Qd2 Nf6 4. f3 Nc6 5. Nc3 e6 6. Nb5 Bd6 7. e3 Bxf4 8. exf4 a6 9. Nc3 b5 10. 0-0-0 b4 11. Nce2 a5 12. Ng3 Bg6 13. Re1 0-0 14. Bd3 Bxd3 15. Qxd3 Qb8 16. f5 Nd8 17. fxe6 Nxe6 18. a3 Qb7 19. axb4 axb4 20. Kb1 Qa7 21. Kc1 Qa1+ 22. Kd2 Qxb2 23. Qb3 Qxb3 24. cxb3 Ra2+ 25. Kd1 Nxd4 26. N1e2 Nxb3 27. Nf5 Rd2# 0-1